Geographic Groups of Three #2 (Medium) - Statistics

General Stats
  • This quiz has been taken 201 times
  • The average score is 25 of 36
Answer Stats
Group Answer % Correct
Countries that border Russia and China Mongolia
97%
Iberian Countries Portugal
94%
Iberian Countries Spain
94%
Countries on Borneo Indonesia
93%
Great African Lakes Victoria
93%
Countries Starting with "J" Japan
92%
Countries on Borneo Malaysia
92%
Iberian Countries Andorra
91%
Countries Starting with "J" Jamaica
90%
Countries Starting with "J" Jordan
90%
Texas Triangle Cities Houston
89%
Countries on Borneo Brunei
88%
Texas Triangle Cities Dallas
88%
Countries that border Russia and China Kazakhstan
86%
Seas Greece Borders Aegean Sea
84%
Countries that border Russia and China North Korea
83%
Major Lines of Latitude Equator
81%
Ohio "C" Cities Cleveland
75%
Major Lines of Latitude Tropic of Cancer
75%
Major Lines of Latitude Tropic of Capricorn
73%
Ohio "C" Cities Cincinnati
71%
Ohio "C" Cities Columbus
71%
Texas Triangle Cities San Antonio
69%
A.B.C. Islands Aruba
61%
Seas Greece Borders Ionian Sea
61%
Great African Lakes Malawi
60%
Traditional Romanian Regions Transylvania
57%
A.B.C. Islands Curaçao
54%
Bermuda Triangle Vertices Bermuda
53%
Great African Lakes Tanganyika
49%
A.B.C. Islands Bonaire
44%
Bermuda Triangle Vertices Miami, Florida
40%
Bermuda Triangle Vertices San Juan, Puerto Rico
28%
Traditional Romanian Regions Wallachia
20%
Traditional Romanian Regions Moldavia
18%
Seas Greece Borders Libyan Sea
7%
No matching quizzes found
Score Distribution
Percent of People with Each Score
Percentile by Number Answered
Your Score History
You have not taken this quiz